|
|
|
|
| LEADER |
00000nbm2a2200000 4500 |
| 001 |
329757 |
| 005 |
20231102004207.0 |
| 035 |
|
|
|a (RuTPU)RU\TPU\book\355525
|
| 035 |
|
|
|a RU\TPU\book\355524
|
| 090 |
|
|
|a 329757
|
| 100 |
|
|
|a 20170321d1962 k y0rusy50 ca
|
| 101 |
0 |
|
|a rus
|
| 102 |
|
|
|a RU
|
| 105 |
|
|
|a ab m 001zy
|
| 200 |
0 |
|
|a Т. I
|
| 210 |
|
|
|d 1962
|
| 215 |
|
|
|a 230 л.
|c ил., карты
|e 4 отд. л. карт
|
| 320 |
|
|
|a Библиогр.: с. 206-227 (177 назв.)
|
| 461 |
|
1 |
|0 (RuTPU)RU\TPU\book\337259
|t Гидрогеохимия и некоторые особенности формирования подземных вод района хребта Кирса (З. Саян)
|o диссертация на соискание ученой степени кандидата геолого-минералогических наук
|f Н. М. Рассказов
|g Томский политехнический институт (ТПИ) ; науч. рук. П. А. Удодов
|v Т. 1
|n [Б. и.]
|d 1962
|
| 606 |
1 |
|
|a Гидрогеохимия
|x Физико-химические свойства
|2 stltpush
|3 (RuTPU)RU\TPU\subj\6646
|9 34476
|
| 610 |
1 |
|
|a Хакасия
|
| 610 |
1 |
|
|a физико-географическое описание
|
| 610 |
1 |
|
|a геологический очерк
|
| 610 |
1 |
|
|a гидрогеология
|
| 610 |
1 |
|
|a арсениды
|
| 610 |
1 |
|
|a сульфиды
|
| 610 |
1 |
|
|a смеси
|
| 610 |
1 |
|
|a электрохимическое растворение
|
| 610 |
1 |
|
|a полевые гидрогеохимические исследования
|
| 610 |
1 |
|
|a сульфидная минерализация
|
| 610 |
1 |
|
|a минеральные мышьяковые воды
|
| 610 |
1 |
|
|a диссертации
|
| 610 |
1 |
|
|a труды учёных ТПУ
|
| 675 |
|
|
|a 556.314(04)
|v 4
|
| 801 |
|
1 |
|a RU
|b 63413507
|c 20170321
|
| 801 |
|
2 |
|a RU
|b 63413507
|c 20190123
|g RCR
|
| 942 |
|
|
|c BK
|